[Event "Loire-ch op 0405"]
[Site "Loire"]
[Date "2005.04.09"]
[Round "5"]
[White "Paratcha, Yohan"]
[Black "Mathieu, Jacques"]
[Result "1/2-1/2"]
[WhiteElo "1440"]
[BlackElo "1500"]
[PlyCount "87"]
[EventDate "2004.10.16"]
[EventType "swiss"]
[EventRounds "9"]
[EventCountry "FRA"]
[SourceTitle "EXT 2008"]
[Source "ChessBase"]
[SourceDate "2007.11.25"]
[SourceVersion "1"]
[SourceVersionDate "2007.11.25"]
[SourceQuality "1"]

1. e4 e5 2. Nf3 d6 3. d4 exd4 4. Nxd4 Be7 5. Bc4 Nf6 6. Nc3 0-0 7. 0-0 c6 8. Bd3 c5 9. Nf3 Nc6 10. a3 a6 11. Nd5 Ne5 12. Nxe5 dxe5 13. Nxe7+ Qxe7 14. Bd2 b5 15. b4 c4 16. Be2 Nxe4 17. Bf3 Bb7 18. c3 Rad8 19. Bxe4 Bxe4 20. Re1 Bd3 21. Ra2 Qd6 22. Rb2 Rfe8 23. Qg4 Re6 24. Be3 Rg6 25. Bc5 Qe6 26. Qxe6 Rxe6 27. h3 f5 28. g3 Rde8 29. f4 e4 30. Kf2 h6 31. g4 g6 32. Kg3 e3 33. Kf3 e2 34. Bf2 Kh7 35. Ra2 fxg4+ 36. hxg4 Rf8 37. Bc5 Rf7 38. Raa1 Ref6 39. Be3 Re6 40. Bd2 g5 41. f5 Re5 42. Rh1 Rfe7 43. Rae1 Re4 44. Rh2 1/2-1/2